|
|
|
|
| LEADER |
00000ny a22000003n 4500 |
| 005 |
20110510121641.0 |
| 008 |
100414c19489999ck zr 0 b spa |
| 035 |
|
|
|a 2026
|
| 040 |
|
|
|a BUS
|d vLex
|
| 090 |
|
|
|c 1516
|d 1516
|
| 245 |
3 |
0 |
|a Tribunal Superior de Bogot ̀
|h [Recurso electrn̤ico]
|
| 256 |
|
|
|a Servicio en ln̕ea
|
| 260 |
|
|
|a [Bogot,̀ Colombia] :
|b [s.n.]
|
| 650 |
0 |
4 |
|a Procedimiento civil
|z Colombia
|x Publicaciones perid̤icas
|
| 650 |
0 |
4 |
|a Procedimiento penal
|z Colombia
|x Publicaciones perid̤icas
|
| 650 |
0 |
4 |
|a Tribunales supremos
|z Amřica Latina
|x Publicaciones perid̤icas
|
| 740 |
0 |
|
|a vLex Revista (Servicios en ln̕ea)
|
| 843 |
|
|
|a Electrn̤ica. Abierta
|
| 853 |
|
|
|8 1
|i (year)
|j (month)
|k (day)
|
| 856 |
4 |
0 |
|z Acceso restringido
|u http://vlex.com/source/tribunal-superior-bogota-2026
|
| 942 |
|
|
|c REV
|